Kariéra ako motivačný faktor zamestnanca bakalárska práca

Salvato in:
Dettagli Bibliografici
Autore principale: Bernáthová, Katalin
Ente Autore: Fakulta podnikového manažmentu EU. Katedra manažmentu
Altri autori: Dubeňová, Katarína
Natura: Libro
Lingua:slovacco
Pubblicazione: Bratislava 2012
Tags: Aggiungi Tag
Nessun Tag, puoi essere il primo ad aggiungerne!!

MARC

LEADER 00000nbm a2200000 4500
001 0153919
005 20161109111814.8
041 0 |a slo 
044 |a SK 
245 1 0 |a Kariéra ako motivačný faktor zamestnanca  |b bakalárska práca  |c Katalin Bernáthová ; školiteľ: Katarína Dubeňová 
264 1 |a Bratislava  |c 2012 
300 |a 51 s. 
100 1 |a Bernáthová, Katalin 
700 1 |a Dubeňová, Katarína 
710 2 |a Fakulta podnikového manažmentu EU. Katedra manažmentu